LEADER 00591nam a2200169 i 4500 001 000000255814 003 CaOOAMICUS 005 20171019000000.0 008 171019s1831 it u000 u ita u 013 $a234722 040 $aSeMil$bita 245 10$aVol. 2. 300 $a239 p. 773 0 $aSemeria, Giovanni Battista <1779-1843>$tStoria del re di Sardegna Carlo Emmanuele il Grande.$dTorino : Reale tipografia, 1831.$g2$w()4870 850 $aSeMil 852 $aSeMil$W1$xVenegono$y1$m3S III 139 FA$j206160$B206160$CSeMilBibl$Z2$F219574 $8I 996 $6245$aVol. 2$9(OLS)http://semarc/title/13458 LEADER 01489nam a2200313 i 4500 001 000000225841 003 CaOOAMICUS 005 20230329124251.0 008 131219s1791 it u000 u lat u 026 $aa.ii i.t: ."os abaH (3) 1791 (R) 040 $aSeMil$bita 100 0 $aAugustinus, Aurelius,$c.$0(OLS)http://semarc/name/498 245 10$aS. Aurelii Augustini ... Enchiridion seu Liber de fide, spe et caritate, notis illustratus ad sanctissimum patrem Pium 6. . 264 1$aMediolani :$bEx Typographia Jacobi Barelle,$c1791. 300 $aXVI, 167, [1] p., [1] carta di tav. :$bantip. calcogr. ;$c8°. 500 $aFregio xilogr. sul front. 500 $aSegn.: *8 a-i8 l8 m4 500 $aAntiporta sottoscritta "Iac. Mercorus sc. Mediol." 700 1 $aMercoli, Giacomo .$0(OLS)http://semarc/name/25390 700 1 $aBarelle, Giacomo,$c.$0(OLS)http://semarc/name/78414 850 $aSeMil 852 $aSeMil$W1$xVenegono$y1$m2T V 16 FA$j176187$B176187$CSeMilBibl$Z2$F186722 $8I 900 1 $aAgostino : d'Ippona. 900 1 $aSant'Agostino. 996 $6245$aS. Aurelii Augustini ... Enchiridion seu Liber de fide, spe et caritate, notis illustratus ad sanctissimum patrem Pium 6. .$9(OLS)http://semarc/title/323461 996 $6264$aMediolani :$bEx Typographia Jacobi Barelle$9(OLS)http://semarc/publisher/53439 LEADER 01140nas a2200241 i 4500 001 000000002010 003 CaOOAMICUS 005 20180830125435.0 008 180830s1974 it uu u0 0ita r 022 $a0392-0062 040 $aSeMil$bita 245 10$aBollettino del Museo civico di Storia naturale di Verona. 260 $aVerona :$bMuseo civico di Storia naturale,$c1974. 500 $aDal 2000 il formato varia da 24 a 28 cm. 500 $aConsistenza: 1 (1974) - 18 (1991) ; 1999-2001 710 0 $aMuseo Civico di Storia Naturale .$0(OLS)http://semarc/name/1780 774 0 $tTitolo mancante.$w()129748 774 0 $tVol. 23: 1999.$dVerona : Museo civico di Storia naturale, 1999.$w()236424 774 0 $tVol. 24: 2000.$dVerona : Museo civico di Storia naturale, 2000.$w()236425 774 0 $tVol. 25 : 2001.$dVerona : Museo civico di Storia naturale, 2001.$w()236430 996 $6022$a0392-0062$9(OLS)http://semarc/number/180 996 $6245$aBollettino del Museo civico di Storia naturale di Verona$9(OLS)http://semarc/title/3333 996 $6260$aVerona :$bMuseo civico di Storia naturale$9(OLS)http://semarc/publisher/30507 LEADER 02220nas a2200313 i 4500 001 000000002692 003 CaOOAMICUS 005 20210507175139.0 008 180830c19669999it qr p u0 0ita r 022 $a0033-9644 040 $aSeMil$bita 245 00$aRassegna di Teologia. 260 $aMilano :$bĀncora,$c1966- 300 $a23 cm. 310 $aTrimestrale 362 0 $a1966- 500 $aDal 1967 (Anno 8.) il complemento del titolo varia in : Rivista bimestrale per un aggiornamento cristiano teorico e pratico ; dal 1989 (Anno 30.) varia in : Rivista bimestrale di teologia e scienze umane. - La pubblicazione ha variato pių volte Editore ; dal 2003 (Anno 44.) varia in : Napoli : Collegium Professorum Sectionis Sancti Aloisii. - Dal 1975 (Anno 16) al 1977 (Anno 18.) il formato varia in : 19 cm. - Dal 2008 (Anno 49.) la periodicitā varia in : Trimestrale. 510 4 $aCod. rivista ACNP:$cP 21857 710 2 $aGesuiti$c.$0(OLS)http://semarc/name/939 710 0 $aFacoltā Teologica dell'Italia Meridionale : Sezione San Luigi .$0(OLS)http://semarc/name/115 774 0 $tCD-Rom di Rassegna di Teologia.$dNapoli : Aloisiana Libri, copyr. 2008.$w()237777 780 00$tDigest cattolico.$dCinisello Balsamo : San Paolo, 1960-1965.$w()2193 850 $aSeMil 852 $aSeMil$W1$xVenegono$y1$pCliccare per visualizzare collocazione, posseduto cumulativo e fascicoli ricevuti dell?annata corrente

Cliccare per visualizzare eventuali spogli (alla eventuale voce ?Indici? in fondo di pagina)$B227805$CSeMilBibl$Z2$F227805 $85 961 $aPubblicazione in cambio con "La Scuola Cattolica" 996 $6022$a0033-9644$9(OLS)http://semarc/number/432 996 $6245$aRassegna di Teologia$9(OLS)http://semarc/title/4564 996 $6260$aMilano :$bĀncora$9(OLS)http://semarc/publisher/29763